General systems bulletin

Uložené v:
Podrobná bibliografia
Médium: Seriál
Jazyk:English
Vydavateľské údaje: Louisville Society for General Systems Research
Tagy: Pridať tag
Žiadne tagy, Buďte prvý, kto otaguje tento záznam!

MARC

LEADER 00000nas1a22000001 4500
001 s120717
005 20041019155346.5
041 0 |a eng 
044 |a US 
245 1 0 |a General systems bulletin 
264 1 |a Louisville  |b Society for General Systems Research